Normal view
MARC view
Entry Personal Name
001 - CONTROL NUMBER
- control field: 861944
003 - CONTROL NUMBER IDENTIFIER
- control field: OSt
005 - DATE AND TIME OF LATEST TRANSACTION
- control field: 20260105153905.0
008 - FIXED-LENGTH DATA ELEMENTS
- fixed length control field: 260105|| aca||aabn | a|a d
040 ## - CATALOGING SOURCE
- Original cataloging agency: OSt
- Transcribing agency: OSt
100 ## - HEADING--PERSONAL NAME
- Personal name: रमा
670 ## - SOURCE DATA FOUND
- Source citation: Work cat.: (OSt)1466913: रमा , हिन्दी साहित्य की पत्रकारिता , 2021
